[Event "Porto Mannu op 10th"]
[Site "Porto Mannu"]
[Date "2018.06.02"]
[Round "5"]
[White "Thakoerdien, Jerrel"]
[Black "Tencati, Giuseppe"]
[Result "0-1"]
[WhiteElo "2223"]
[BlackElo "2111"]
[PlyCount "82"]
[EventDate "2018.06.02"]
[EventType "swiss"]
[EventRounds "9"]
[EventCountry "ITA"]
[SourceTitle "CBM 184 Extra"]
[Source "ChessBase"]
[SourceDate "2018.06.28"]
[SourceVersion "1"]
[SourceVersionDate "2018.06.28"]
[SourceQuality "1"]

1. d4 d5 2. Nf3 c6 3. c4 e6 4. Nc3 dxc4 5. e4 b5 6. Bg5 Qc7 7. Be2 Nd7 8. d5 Bb7 9. Nd4 exd5 10. exd5 cxd5 11. Ndxb5 Qa5 12. Qa4 Qb6 13. 0-0-0 Be7 14. Be3 Bc5 15. Nxd5 Bxd5 16. Rxd5 Bxe3+ 17. fxe3 Ngf6 18. Nd6+ Kf8 19. Nxc4 Qc7 20. Rd4 g6 21. Rhd1 Ne5 22. Kb1 Kg7 23. g4 g5 24. h4 h6 25. Qb5 Rae8 26. Nd6 Re6 27. hxg5 hxg5 28. Nf5+ Kg6 29. Nd6 Kg7 30. Qb4 Rh2 31. Nf5+ Kg6 32. Qf8 Nfxg4 33. Bd3 Nxd3 34. Qg7+ Kxf5 35. Rf1+ Ndf2 36. Rd2 Qe7 37. Rd5+ Re5 38. Rd4 f6 39. Qg8 Rxe3 40. Qc8+ Qe6 41. Qc2+ Re4 0-1

[Event "Biella op 8th"]
[Site "Biella"]
[Date "2017.09.23"]
[Round "3"]
[White "Tencati, Giuseppe"]
[Black "Pirrello, Christian"]
[Result "1/2-1/2"]
[WhiteElo "2080"]
[BlackElo "1978"]
[PlyCount "119"]
[EventDate "2017.09.22"]
[EventType "swiss"]
[EventRounds "5"]
[EventCountry "ITA"]
[SourceTitle "CBM 180 Extra"]
[Source "ChessBase"]
[SourceDate "2017.10.06"]
[SourceVersion "1"]
[SourceVersionDate "2017.10.06"]
[SourceQuality "1"]

1. d4 d5 2. c4 e6 3. Nc3 a6 4. cxd5 exd5 5. Qc2 Nf6 6. Bg5 Be6 7. e3 Nbd7 8. Nf3 Be7 9. Bd3 0-0 10. 0-0 g6 11. Rac1 c6 12. a3 Nb6 13. Ne5 Ng4 14. Bxe7 Qxe7 15. Nxg4 Bxg4 16. h3 Bd7 17. Ne2 Nc8 18. Qc5 Qxc5 19. Rxc5 Nd6 20. Rc2 Bf5 21. Bxf5 Nxf5 22. Nf4 Nd6 23. Rfc1 Nc4 24. Nd3 Rae8 25. a4 Re7 26. b3 Nd6 27. g3 Kg7 28. Ne5 f6 29. Nd3 g5 30. Kg2 Ne4 31. Nc5 Nxc5 32. Rxc5 f5 33. R5c3 f4 34. g4 fxe3 35. Rxe3 Ref7 36. f3 Rf4 37. Rd1 Kf6 38. Rdd3 h5 39. Re5 hxg4 40. hxg4 Rf7 41. Rde3 Kg6 42. Re6+ R7f6 43. Rxf6+ Kxf6 44. Rd3 Ke6 45. a5 Kd6 46. b4 Kc7 47. Kf2 b6 48. Ke3 bxa5 49. bxa5 c5 50. dxc5 Kc6 51. Rb3 Kxc5 52. Rb6 d4+ 53. Ke2 d3+ 54. Kxd3 Rxf3+ 55. Ke4 Rf4+ 56. Ke5 Rxg4 57. Rxa6 Kb5 58. Rg6 Kxa5 59. Kf5 Rg2 60. Rxg5 1/2-1/2

[Event "Caldaro Puntay op-A 1st"]
[Site "Caldaro"]
[Date "2016.10.23"]
[Round "4"]
[White "Tencati, Giuseppe"]
[Black "Smole, Albert"]
[Result "1/2-1/2"]
[WhiteElo "2052"]
[BlackElo "2045"]
[PlyCount "119"]
[EventDate "2016.10.21"]
[EventType "swiss"]
[EventRounds "5"]
[EventCountry "ITA"]
[SourceTitle "EXT 2018"]
[Source "ChessBase"]
[SourceDate "2017.10.13"]
[SourceVersion "1"]
[SourceVersionDate "2017.10.13"]
[SourceQuality "1"]

1. d4 Nf6 2. c4 e6 3. Nc3 Bb4 4. Qc2 d5 5. cxd5 exd5 6. Bg5 0-0 7. Nf3 c6 8. e3 h6 9. Bh4 Nbd7 10. Bd3 Qa5 11. 0-0 Re8 12. Nd2 Be7 13. a3 Qd8 14. Rae1 Nf8 15. f3 b6 16. Bf2 Ne6 17. Ne2 c5 18. Bf5 Bf8 19. Nb1 Ba6 20. Nbc3 cxd4 21. exd4 g6 22. Bd3 Bxd3 23. Qxd3 a6 24. a4 Qd7 25. Bg3 Bg7 26. Be5 Rec8 27. Rc1 Qb7 28. Rc2 Nh5 29. Bxg7 Nhxg7 30. Rfc1 Nf5 31. g4 Nd6 32. Qe3 Ng5 33. b3 Re8 34. Qd3 Ne6 35. Qd2 Kg7 36. Nf4 Nxf4 37. Qxf4 Re6 38. Re2 Rae8 39. Rce1 Rxe2 40. Rxe2 Rxe2 41. Nxe2 Qe7 42. Kf2 g5 43. Qe3 Qxe3+ 44. Kxe3 Kf6 45. Ng3 Ke6 46. Kd3 f5 47. h3 f4 48. Ne2 Nc8 49. Nc1 Ne7 50. Kc3 Ng6 51. Nd3 Nh4 52. Ne5 Ng2 53. Kd3 Ne3 54. Ng6 a5 55. h4 Ng2 56. h5 Ne1+ 57. Ke2 Nc2 58. Kd3 Nb4+ 59. Kc3 Nc6 60. Kd3 1/2-1/2

[Event "Biella op-A 7th"]
[Site "Biella"]
[Date "2016.09.25"]
[Round "5.9"]
[White "Tencati, Giuseppe"]
[Black "Sgnaolin, Davide"]
[Result "0-1"]
[WhiteElo "2052"]
[BlackElo "2249"]
[PlyCount "72"]
[EventDate "2016.09.23"]
[EventType "swiss"]
[EventRounds "5"]
[EventCountry "ITA"]
[SourceTitle "EXT 2024"]
[Source "ChessBase"]
[SourceDate "2023.10.10"]
[SourceVersion "1"]
[SourceVersionDate "2023.10.10"]
[SourceQuality "1"]

1. e4 c5 2. Nf3 Nc6 3. d4 cxd4 4. Nxd4 g6 5. c4 Bg7 6. Be3 Nf6 7. Nc3 Ng4 8. Qxg4 Nxd4 9. Qd1 Ne6 10. Qd2 Qa5 11. Rc1 b6 12. Be2 Bb7 13. f3 d6 14. 0-0 g5 15. Rfd1 h5 16. Nd5 Qxd2 17. Rxd2 Be5 18. g3 h4 19. Kg2 hxg3 20. hxg3 f6 21. Bf2 Kf7 22. Rh1 Rxh1 23. Kxh1 Nc5 24. b3 e6 25. Ne3 Bxe4 26. Kg2 Bb7 27. Ng4 Ke7 28. Nxe5 dxe5 29. b4 Nd7 30. g4 e4 31. Bg3 f5 32. Bd6+ Kf6 33. c5 bxc5 34. bxc5 exf3+ 35. Bxf3 Bxf3+ 36. Kxf3 Ne5+ 0-1

[Event "Milan Crespi op 26th"]
[Site "Milan"]
[Date "2005.12.09"]
[Round "4"]
[White "Pattarello, Pierluigi"]
[Black "Tencati, Giuseppe"]
[Result "0-1"]
[WhiteElo "1969"]
[BlackElo "2132"]
[PlyCount "60"]
[EventDate "2005.12.07"]
[EventType "swiss"]
[EventRounds "7"]
[EventCountry "ITA"]
[SourceTitle "EXT 2007"]
[Source "ChessBase"]
[SourceDate "2006.11.23"]
[SourceVersion "1"]
[SourceVersionDate "2006.11.23"]
[SourceQuality "1"]

1. d4 d5 2. c4 c6 3. Nf3 e6 4. Nc3 dxc4 5. a4 Bb4 6. e3 b5 7. Bd2 Bb7 8. axb5 Bxc3 9. Bxc3 cxb5 10. b3 a5 11. bxc4 b4 12. Bd2 Nf6 13. Bd3 Nbd7 14. 0-0 0-0 15. Qb1 Qc7 16. e4 e5 17. d5 Rfe8 18. Be3 Nc5 19. Nd2 Nfd7 20. f4 a4 21. fxe5 Nxe5 22. Be2 b3 23. Kh1 Ra6 24. Bf4 Qe7 25. Qb2 a3 26. Rxa3 Ned3 27. Bxd3 Nxd3 28. Qxb3 Rxa3 29. d6 Rxb3 30. dxe7 Rb2 0-1